European Theme Parks - Statistics

General Stats
  • This quiz has been taken 84 times
  • The average score is 18 of 54
Answer Stats
# of coasters Answer % Correct
14 Europa Park
90%
6 Efteling
79%
19 Energylandia
76%
7 Phantasialand
75%
9 Walibi Belgium
74%
10 Alton Towers
71%
8 PortAventura Park
71%
8 Parc Astérix
69%
8 Walibi Holland
68%
8 Thorpe Park
66%
7 Gardaland
59%
7 Liseberg
56%
6 Plopsaland De Panne
56%
7 Hansa-Park
53%
9 Heide Park
50%
5 Toverland
50%
10 Pleasure Beach Resort
44%
8 Bobbejaanland
43%
7 Parque Warner Madrid
43%
8 Movie Park Germany
40%
6 Walibi Rhône-Alpes
38%
8 Fårup Sommerland
37%
8 Djurs Sommerland
35%
7 Gröna Lund
35%
8 Mirabilandia
35%
6 Erlebnispark Tripsdrill
34%
8 Linnanmäki
32%
10 Flamingo Land
26%
6 Emerald Park
25%
6 Nigloland
22%
7 Paultons Park
22%
13 Wiener Prater
22%
7 Parque de Atracciones de Madrid
21%
5 Bakken
19%
5 Drayton Manor
19%
7 TusenFryd
19%
5 Bayern-Park
15%
5 Le Pal
15%
5 Oakwood Theme Park
15%
7 Skyline Park
15%
5 Bellewaerde Park
13%
6 Freizeitpark Plohn
13%
5 Fantasy Island
12%
6 Parc Saint Paul
12%
7 PowerPark
10%
5 Bagatelle
7%
5 Adventure Island
4%
7 Freizeit-Land Geiselwind
4%
5 MagicLand
4%
6 Cavallino Matto
3%
5 Karls Erlebnis-Dorf Elstal
3%
5 Parc du Bocasse
1%
5 New Jesolandia
0%
5 Zoosafari Fasanolandia
0%
No matching quizzes found
Score Distribution
Percent of People with Each Score
Percentile by Number Answered
Your Score History
You have not taken this quiz